Mléko jako surovina pro mlékárenský průmysl /

Uložené v:
Podrobná bibliografia
Hlavný autor: Gabriel, Jiří, 1930- (Author)
Médium: Kniha
Jazyk:Czech
Slovak
Vydané: Praha : Dům techniky Československé vědeckotechnické společnosti, 1975.
Vydanie:1. vyd.
ISBN: (brož.)
Fyzický popis: 142 s.
Tagy: Pridať tag
Žiadne tagy, Buďte prvý kto otaguje tento záznam!

MARC

LEADER 00000nam a22000001 4500
001 000131321
005 20091020164444.0
008 970210s1975 xr cze d
020 |a (brož.) 
040 |a SVKKK  |b slo  |c SVKKK  |e AACR2 
041 0 |a cze  |a slo 
044 |a xr  |c CZ 
245 0 0 |a Mléko jako surovina pro mlékárenský průmysl /  |c Jiří Gabriel ... [et al.]. 
250 |a 1. vyd. 
260 |a Praha :  |b Dům techniky Československé vědeckotechnické společnosti,  |c 1975. 
300 |a 142 s. 
366 |e 200 výt. 
546 |a Text čiast. slov. 
500 |a S fot., tb. a grafy v texte 
700 1 |a Gabriel, Jiří,  |d 1930-  |4 aut 
910 |a svkkk 
998 |a BK 
090 |g SCKHL  |k Sklad Pribinova 2. posch.  |a II.225248  |j 546123  |i 2720245562  |s Absenčne